Prepojenie priamych zahraničných investícií na domáci priemysel

Gespeichert in:
Bibliographische Detailangaben
1. Verfasser: Hošková, Adela
Format: Buch
Sprache:Slowakisch
Veröffentlicht: Bratislava Inštitút menových a finančných štúdií NBS 2001
Schlagworte:
Tags: Tag hinzufügen
Keine Tags, Fügen Sie das erste Tag hinzu!

MARC

LEADER 00000nam a2200000 4500
001 c128836
005 20221124104747.5
041 0 |a slo 
044 |a SK 
245 1 0 |a Prepojenie priamych zahraničných investícií na domáci priemysel  |c Adela Hošková 
264 1 |a Bratislava  |b Inštitút menových a finančných štúdií NBS  |c 2001 
300 |a 29 s. 
610 2 0 |a investície priame zahraničné 
610 2 0 |a priemysel 
610 2 0 |a konkurencieschopnosť 
610 2 0 |a podnik multinacionálny 
610 2 0 |a kapitál zahraničný 
610 2 0 |a výroba 
610 2 0 |a vývoz 
610 2 0 |a dovoz 
610 2 0 |a investície zahraničné 
610 2 0 |a investície zo zahraničia 
610 2 0 |a investovanie 
610 2 0 |a zamestnanosť 
610 2 0 |a produktivita práce 
610 2 0 |a subdodávky 
100 1 |a Hošková, Adela